Surface-enhanced raman scattering : physics and applications /

Bibliographic Details
Other Authors: Kneipp, Katrin, Moskovits, Martin, Kneipp, Harald
Format: Book
Language:English
Published: Berlin ; New York : Springer, [2006]
Series:Topics in applied physics. v. 103.
Subjects:

MARC

Tag First Indicator Second Indicator Subfields
LEADER 00000cam a22000004a 4500
001 in00002196331
005 20151104082643.0
008 060828s2006 gw a b 001 0 eng
010 |a  2006928060 
015 |a GBA681409  |2 bnb 
016 7 |a 101286726  |2 DNLM 
016 7 |a 013544468  |2 Uk 
020 |a 3540335668 (alk. paper) 
024 3 |a 9783540335665 
029 0 |a NLM  |b 101286726 
035 |a (OCoLC)ocm71199367 
040 |a NLM  |c NLM  |d UV0  |d BAKER  |d UKM  |d AFU  |d TXA  |d UtOrBLW 
042 |a pcc 
049 |a TXAM 
050 4 |a QC454.R36  |b S88 2006 
060 0 0 |a W1  |b TO539E v.103 2006 
060 1 0 |a QC 454.R36  |b S9609 2006 
082 0 4 |a 535.846  |2 22 
245 0 0 |a Surface-enhanced raman scattering :  |b physics and applications /  |c Katrin Kneipp, Martin Moskovits, Harald Kneipp (eds.). 
264 1 |a Berlin ;  |a New York :  |b Springer,  |c [2006] 
264 4 |c ©2006 
300 |a xvii, 464 pages :  |b illustrations 
336 |a text  |b txt  |2 rdacontent 
337 |a unmediated  |b n  |2 rdamedia 
338 |a volume  |b nc  |2 rdacarrier 
490 1 |a Topics in applied physics,  |x 0303-4216 ;  |v v. 103 
504 |a Includes bibliographical references and index. 
650 1 2 |a Spectrum Analysis, Raman. 
650 0 |a Raman effect, Surface enhanced. 
650 0 |a Surfaces (Physics) 
700 1 |a Kneipp, Katrin. 
700 1 |a Moskovits, Martin. 
700 1 |a Kneipp, Harald. 
830 0 |a Topics in applied physics.  |x 0303-4216 ;  |v v. 103. 
994 |a C0  |b TXA 
948 |a cataloged  |b h  |c 2006/10/26  |d c  |e blrosas  |f 9:57:49 am 
999 |a MARS 
999 f f |s 43008a06-81a7-302b-882c-8c3866d823ac  |i 1adb7107-782d-30d7-bce7-2fe006ff3e08  |t 0 
952 f f |p normal  |a Texas A&M University  |b College Station  |c Sterling C. Evans Library  |d Evans: Library Stacks  |t 0  |e QC454.R36 S88 2006  |h Library of Congress classification  |i unmediated -- volume  |m A14834922647 
998 f f |a QC454.R36 S88 2006  |t 0  |l Evans: Library Stacks